000 00500nam a2200181Ia 4500
999 _c16419
_d16419
003 OSt
005 20200606115917.0
008 190216s9999||||xx |||||||||||||| ||und||
020 _a8173155321
040 _cMESKC library
082 _a813.54
_bARU/A
100 _aArun
_9450
245 0 _aRochak Aur Romanchak Antartica /
_cArun
260 _bPrabhath Prakashan,
_aNew Delhi:
_c2005.
300 _a255p
650 _aHindi
942 _cBK
_2ddc
_h813.54
_iARU/A
_k813.54
_mARU/A